000 00796nam a2200229 i 4500
001 87140
003 ES-MaACL
005 20250814045219.0
007 t|
008 041220s1973 fr ||||1| fre d
100 1 _aKoyré, Alexandre.
_968687
245 1 0 _aChute des corps et mouvement de la terre, de Kepler áa Newton
_b: histoire et documents d'un problème /
_cAlexandre Koyré ; traduit de l'anglais par Jacques Tallec.
260 _aParis :
_bJ. Vrin,
_c1973.
300 _a215 p. ;
_c22 cm.
490 1 _aL'histoire des sciences. Textes et études
500 _aIndice.
650 0 7 _aMecánica celeste
_2embne
_914873
700 1 _aTallec, Jacques.
_9109129
830 0 _aL'histoire des sciences. Textes et études
_9177448
852 _aES-MaACL
_jB-241
999 _c87140
_d87140